[Event "Int. Stuttgarter Stadtmeisterschaft B"]
[Site "Ditzingen"]
[Date "2016.05.07"]
[Round "6.17"]
[White "Knolmayer, Volker"]
[Black "Grünert, Thomas"]
[Result "0-1"]
[WhiteElo "1701"]
[BlackElo "1807"]
[PlyCount "90"]
[EventDate "2016.??.??"]
[WhiteTeam "SG Bettringen"]
[BlackTeam "SF Illingen"]

1. e4 c5 2. Nf3 e6 3. Be2 Nc6 4. c4 g6 5. Nc3 Bg7 6. a3 Nge7 7. O-O O-O 8. d3
a6 9. Qc2 Qc7 10. Rb1 Nd4 11. Nxd4 cxd4 12. Nd1 b5 13. b3 Bb7 14. f4 f5 15. e5
d6 16. exd6 Qxd6 17. c5 Qc7 18. Bf3 Nd5 19. b4 Rfe8 20. Qf2 Kh8 21. g3 Rad8 22.
Rb3 Bc6 23. Bb2 e5 24. fxe5 Qxe5 25. Bc1 Bf6 26. Rb2 Ne3 27. Nxe3 dxe3 28. Qe2
Qe6 29. Rc2 Bxf3 30. Rxf3 Qb3 31. Rxe3 Bd4 32. Bb2 Qd5 33. Kf2 Re5 34. Ke1 Rde8
35. Kd2 Bxb2 36. Rxe5 Rxe5 37. Qf1 Bxa3 38. Kc3 a5 39. bxa5 Qxc5+ 40. Kd2 Qb4+
41. Rc3 Qb2+ 42. Rc2 Bb4+ 43. Kd1 Qb1+ 44. Rc1 Re1+ 45. Qxe1 Qxd3+ 0-1

[Event "Int. Stuttgarter Stadtmeisterschaft B"]
[Site "Ditzingen"]
[Date "2016.05.07"]
[Round "6.18"]
[White "Lehmann, Joachim"]
[Black "Helmich, Jörg"]
[Result "1/2-1/2"]
[WhiteElo "1806"]
[BlackElo "1700"]
[PlyCount "36"]
[EventDate "2016.??.??"]
[WhiteTeam "Ilmenauer SV"]
[BlackTeam "Regensburger Turnerschaft"]

1. d4 f5 2. c4 Nf6 3. Nc3 d6 4. Nf3 g6 5. Qc2 Bg7 6. e3 O-O 7. Bd3 Nc6 8. a3 e5
9. dxe5 Nxe5 10. Nxe5 dxe5 11. e4 fxe4 12. Nxe4 Bf5 13. O-O Nxe4 14. Bxe4 Qd4
15. Bxf5 Rxf5 16. Be3 Qh4 17. f3 Raf8 18. Qe4 Qxe4 1/2-1/2

[Event "Int. Stuttgarter Stadtmeisterschaft B"]
[Site "Ditzingen"]
[Date "2016.05.07"]
[Round "6.19"]
[White "Kelemen, Norbert"]
[Black "Giebler, Kai"]
[Result "1-0"]
[WhiteElo "1700"]
[BlackElo "1789"]
[PlyCount "88"]
[EventDate "2016.??.??"]
[WhiteTeam "SC Weiße Dame Ulm"]
[BlackTeam "TSF Ditzingen"]

1. e4 e5 2. Nf3 Nc6 3. Bb5 a6 4. Bxc6 dxc6 5. O-O f6 6. d3 Ne7 7. Be3 Ng6 8.
Nbd2 Bg4 9. h3 Be6 10. Re1 Bd6 11. c3 O-O 12. Nb3 b6 13. Qc2 Qe7 14. Rad1 f5
15. d4 fxe4 16. Ng5 Bf5 17. g4 Nf4 18. Bxf4 exf4 19. Nxe4 Bxe4 20. Rxe4 Qh4 21.
f3 Qxh3 22. Qg2 Qh4 23. Qh2 Qxh2+ 24. Kxh2 Rae8 25. Rde1 Kf7 26. Nc1 Rxe4 27.
Rxe4 Re8 28. Nd3 Rxe4 29. fxe4 g5 30. Ne1 h6 31. Nf3 Ke6 32. b3 c5 33. d5+ Kf6
34. c4 b5 35. a4 bxc4 36. bxc4 a5 37. Kg2 Be5 38. Nd2 Bc3 39. Nb3 Bb4 40. Kf3
Ke5 41. Nc1 Kd4 42. Nd3 Kxd3 43. e5 Bc3 44. e6 Bf6 1-0

[Event "Int. Stuttgarter Stadtmeisterschaft B"]
[Site "Ditzingen"]
[Date "2016.05.07"]
[Round "6.20"]
[White "Mayer, Dietmar"]
[Black "Michna, Marcus"]
[Result "1/2-1/2"]
[WhiteElo "1662"]
[BlackElo "1784"]
[PlyCount "99"]
[EventDate "2016.??.??"]
[WhiteTeam "SC Böblingen"]
[BlackTeam "TSF Ditzingen"]

1. d4 g6 2. e4 Bg7 3. Nf3 c5 4. dxc5 Qa5+ 5. c3 Qxc5 6. Na3 a6 7. Nc2 Nf6 8.
Bd3 Qc7 9. Be3 d6 10. h3 Nc6 11. Qd2 h5 12. Ng5 Ne5 13. f4 Nxd3+ 14. Qxd3 Bd7
15. Nb4 Bb5 16. Nd5 Nxd5 17. Qxd5 Bc4 18. Qd2 f6 19. Nf3 O-O-O 20. Qf2 Qc6 21.
e5 dxe5 22. fxe5 fxe5 23. Qg3 Qe6 24. Nh4 Rd6 25. Bc5 Rc6 26. Bxe7 Re8 27. Bg5
Qd5 28. Qe3 Rd6 29. Nf3 e4 30. Nd4 Bd3 31. Rc1 Kd7 32. Bf4 Rf6 33. g3 Qxa2 34.
Rh2 Rc8 35. Rd2 b5 36. b3 Qa5 37. Qf2 Rxc3 38. Nc2 Rxc2 39. Rcxc2 Rc6 40. Qa7+
Ke8 41. Rxc6 Qa1+ 42. Rd1 Bc3+ 43. Rxc3 Qxc3+ 44. Bd2 Qf6 45. Qb8+ Kd7 46. Qb7+
Ke8 47. Qc8+ Kf7 48. Qd7+ Kg8 49. Qe8+ Kh7 50. Bf4 1/2-1/2

[Event "Int. Stuttgarter Stadtmeisterschaft B"]
[Site "Ditzingen"]
[Date "2016.05.07"]
[Round "6.21"]
[White "Sax, Leon"]
[Black "Gorb, Eugeniusz"]
[Result "1/2-1/2"]
[WhiteElo "1727"]
[BlackElo "1691"]
[PlyCount "25"]
[EventDate "2016.??.??"]
[WhiteTeam "SK Sachsenheim"]
[BlackTeam "SK Sachsenheim"]

1. e4 e6 2. d4 d5 3. e5 c5 4. c3 Nc6 5. Nf3 cxd4 6. cxd4 Bd7 7. a3 Rc8 8. b4 a6
9. Be2 Nge7 10. O-O Nf5 11. Bb2 f6 12. Nbd2 Be7 13. Bd3 1/2-1/2

[Event "Int. Stuttgarter Stadtmeisterschaft B"]
[Site "Ditzingen"]
[Date "2016.05.07"]
[Round "6.22"]
[White "Wezel, Sebastian"]
[Black "Vuckovic, Nebojsa"]
[Result "1/2-1/2"]
[WhiteElo "1870"]
[BlackElo "1626"]
[PlyCount "22"]
[EventDate "2016.??.??"]
[WhiteTeam "SV Dettingen Erms"]
[BlackTeam "SV Reutlingen"]

1. e4 d6 2. d4 Nf6 3. Nc3 c6 4. a4 a5 5. h3 Qc7 6. Nf3 e5 7. Bc4 h6 8. O-O Be7
9. Qe2 O-O 10. Rd1 Nbd7 11. Be3 Nxe4 1/2-1/2

[Event "Int. Stuttgarter Stadtmeisterschaft B"]
[Site "Ditzingen"]
[Date "2016.05.07"]
[Round "6.23"]
[White "Ziegler, Michael"]
[Black "Schneider, Waldemar"]
[Result "1-0"]
[WhiteElo "1648"]
[BlackElo "1818"]
[PlyCount "91"]
[EventDate "2016.??.??"]
[WhiteTeam "SF Kornwestheim"]
[BlackTeam "SC Pforzheim"]

1. e4 e5 2. Nf3 Nc6 3. d4 exd4 4. Nxd4 Nf6 5. Nxc6 bxc6 6. Bd3 Bc5 7. O-O d6 8.
h3 O-O 9. Qf3 Nd7 10. Bf4 Qf6 11. c3 a5 12. Qg3 Ne5 13. Bxe5 Qxe5 14. Qxe5 dxe5
15. Bc4 Be6 16. Bxe6 fxe6 17. Nd2 a4 18. Nc4 Rf4 19. Nxe5 Rxe4 20. Rae1 Rxe1
21. Rxe1 Ra6 22. Nd7 Bd6 23. Rxe6 c5 24. Nxc5 Rc6 25. Nxa4 Bh2+ 26. Kxh2 Rxe6
27. f3 Kf7 28. g4 g5 29. Kg3 Re5 30. h4 h6 31. hxg5 hxg5 32. Kf2 Ke6 33. b4 Kd5
34. Nc5 Kc4 35. Ne4 Kb5 36. Ke3 Ka4 37. f4 gxf4+ 38. Kxf4 Rb5 39. g5 Ka3 40. g6
Kxa2 41. g7 Rb8 42. Kf5 Kb3 43. Kf6 Kc4 44. Kf7 Kd3 45. Nf6 Kxc3 46. Ne8 1-0

[Event "Int. Stuttgarter Stadtmeisterschaft B"]
[Site "Ditzingen"]
[Date "2016.05.07"]
[Round "6.24"]
[White "Auterhoff, Jürgen"]
[Black "Dendic, Amar"]
[Result "1/2-1/2"]
[WhiteElo "1772"]
[BlackElo "1604"]
[PlyCount "42"]
[EventDate "2016.??.??"]
[WhiteTeam "SC Pasing"]
[BlackTeam "Stuttgarter SF"]

1. e4 e5 2. Nf3 Nc6 3. Nc3 Bc5 4. Bb5 d6 5. d4 exd4 6. Nxd4 Bd7 7. Bxc6 bxc6 8.
O-O Nf6 9. Bg5 h6 10. Bh4 g5 11. Bg3 O-O 12. e5 dxe5 13. Bxe5 Ng4 14. Bg3 Re8
15. Nb3 Bb6 16. Qd2 Re7 17. h3 Ne3 18. Rfe1 Nf5 19. Rxe7 Qxe7 20. Re1 Be6 21.
Be5 f6 1/2-1/2

[Event "Int. Stuttgarter Stadtmeisterschaft B"]
[Site "Ditzingen"]
[Date "2016.05.07"]
[Round "6.25"]
[White "Herbst, Rudolf"]
[Black "Rieder, Josef"]
[Result "1/2-1/2"]
[WhiteElo "1648"]
[BlackElo "1771"]
[PlyCount "66"]
[EventDate "2016.??.??"]
[WhiteTeam "SG Fasanenhof"]
[BlackTeam "Stuttgarter SF"]

1. c4 e5 2. Nc3 Nf6 3. Nf3 Bc5 4. Nxe5 O-O 5. d4 Be7 6. g3 d5 7. cxd5 Nxd5 8.
Bg2 c6 9. O-O f6 10. Nd3 Bg4 11. Nxd5 cxd5 12. h3 Be6 13. Nf4 Bf7 14. Qb3 Nc6
15. e3 Na5 16. Qd3 Qd7 17. b3 Nc6 18. Bd2 Ba3 19. Bc1 Bb4 20. a3 Ba5 21. b4 Bc7
22. Ne2 a6 23. Nc3 Ne7 24. Bb2 b5 25. Ne2 Bg6 26. Qd2 Nc8 27. Bc3 Nb6 28. Nc1
Nc4 29. Qe2 Rad8 30. Nb3 Qc8 31. Nc5 Bf7 32. Rfc1 Rfe8 33. Qa2 Bd6 1/2-1/2

[Event "Int. Stuttgarter Stadtmeisterschaft B"]
[Site "Ditzingen"]
[Date "2016.05.07"]
[Round "6.26"]
[White "Gheng, Christian"]
[Black "Old, Stefan"]
[Result "1-0"]
[WhiteElo "1740"]
[BlackElo "1605"]
[PlyCount "40"]
[EventDate "2016.??.??"]
[WhiteTeam "Schach-Kids Bernhausen"]
[BlackTeam "SF Illingen"]

1. e4 c6 2. d4 d5 3. exd5 cxd5 4. c4 dxc4 5. Bxc4 Nf6 6. Nc3 e6 7. Bg5 Be7 8.
Nf3 O-O 9. Ne5 b6 10. Qf3 Qxd4 11. Qxa8 Qxe5+ 12. Be3 Bb4 13. Rc1 Qc7 14. Bb5
Nd5 15. Bd4 a6 16. O-O Nxc3 17. Bxc3 Bc5 18. b4 Bb7 19. Qa7 Nc6 20. Bxc6 Qxc6
1-0

[Event "Int. Stuttgarter Stadtmeisterschaft B"]
[Site "Ditzingen"]
[Date "2016.05.07"]
[Round "6.27"]
[White "Weißenberger, Mario"]
[Black "Bauer, Frank"]
[Result "1-0"]
[WhiteElo "1725"]
[BlackElo "1490"]
[PlyCount "55"]
[EventDate "2016.??.??"]
[WhiteTeam "Ssg Fils-Lauter"]
[BlackTeam "SC Feuerbach"]

1. e4 d6 2. d4 Nf6 3. Nc3 g6 4. Be2 Bg7 5. f4 O-O 6. Nf3 c5 7. Be3 b6 8. Qd2
Bb7 9. d5 e6 10. dxe6 fxe6 11. Ng5 Re8 12. Bf3 d5 13. O-O-O d4 14. Bf2 Nc6 15.
Ne2 a5 16. e5 Nd5 17. Ne4 Rf8 18. h4 Bh6 19. Ng5 Bxg5 20. hxg5 b5 21. Rh6 b4
22. Rdh1 Rf7 23. Qd3 Rg7 24. Rxh7 Rxh7 25. Qxg6+ Rg7 26. Qxe6+ Rf7 27. Bxd5 Qe8
28. Qg6+ 1-0

[Event "Int. Stuttgarter Stadtmeisterschaft B"]
[Site "Ditzingen"]
[Date "2016.05.07"]
[Round "6.29"]
[White "Kobald, Matthias"]
[Black "Lechler, Walter"]
[Result "1/2-1/2"]
[WhiteElo "1699"]
[BlackElo "1557"]
[PlyCount "117"]
[EventDate "2016.??.??"]
[WhiteTeam "SV Stuttgart-Wolfbusch"]
[BlackTeam "SK Dinkelsbühl"]

1. e4 c5 2. Nc3 d6 3. f4 Nc6 4. Bb5 Bd7 5. Bxc6 Bxc6 6. Nf3 e6 7. O-O Nf6 8. d3
Be7 9. Qe1 O-O 10. Qg3 Kh8 11. Qh3 Ng8 12. Be3 f5 13. e5 Bxf3 14. Rxf3 d5 15.
d4 c4 16. Raf1 Nh6 17. Bc1 a6 18. Nd1 Ng4 19. Nf2 Nxf2 20. Kxf2 Rf7 21. Rg1 g6
22. g4 Qb6 23. c3 Rg8 24. g5 Rgg7 25. Qg2 Kg8 26. Rh1 Kf8 27. h4 Ke8 28. Rfh3
Kd7 29. R1h2 Qd8 30. Qh1 Rf8 31. h5 Re8 32. hxg6 hxg6 33. Rh8 Rf8 34. R8h6 Rfg8
35. Qd1 Qc8 36. Rh7 Qc6 37. a3 Qc8 38. Ke2 Qc6 39. Kd2 Qc8 40. Qh1 Qe8 41. Qg2
Qf7 42. R7h6 Qe8 43. Qh3 Qf7 44. Qh4 Qe8 45. Rh7 Rf7 46. Rh6 Rfg7 47. Qh3 Qc8
48. Qf1 Qc6 49. Qd1 Qc8 50. Ke3 Qc6 51. b4 cxb3 52. Qxb3 Rc8 53. Bb2 Rcg8 54.
Rc2 Rc8 55. Rch2 Rcg8 56. Rh1 Rc8 57. Ba1 Rcg8 58. Rb1 b5 59. Kd2 1/2-1/2

[Event "Int. Stuttgarter Stadtmeisterschaft B"]
[Site "Ditzingen"]
[Date "2016.05.07"]
[Round "6.30"]
[White "Langer, Helmut"]
[Black "Stuckel, Marc"]
[Result "0-1"]
[WhiteElo "1577"]
[BlackElo "1671"]
[PlyCount "109"]
[EventDate "2016.??.??"]
[WhiteTeam "SC Magstadt"]
[BlackTeam "SGem Vaihingen-Rohr"]

1. e4 c6 2. d4 d5 3. exd5 cxd5 4. Bf4 Qb6 5. b3 Nc6 6. c3 Nf6 7. Bd3 Bg4 8. f3
Bh5 9. Ne2 Nd7 10. Ng3 Bg6 11. Qe2 Bxd3 12. Qxd3 g6 13. O-O Bg7 14. Kh1 O-O 15.
Qd2 Rfe8 16. Na3 Rad8 17. Nc2 e5 18. dxe5 Ndxe5 19. Be3 Qc7 20. Nd4 Qd7 21.
Rad1 Ne7 22. h3 Rc8 23. f4 N5c6 24. f5 Bxd4 25. cxd4 Nxf5 26. Nxf5 gxf5 27. Bh6
Qe6 28. Rf3 Ne7 29. Re1 Qd6 30. Rxe7 Rxe7 31. Qg5+ Qg6 32. Qxe7 Qxh6 33. Rxf5
Qc1+ 34. Kh2 Qc7+ 35. Qxc7 Rxc7 36. Rxd5 Kg7 37. Rg5+ Kf6 38. Rg3 Rd7 39. Rd3
Kf5 40. Kg3 Ke4 41. Rd1 f5 42. d5 f4+ 43. Kf2 Rxd5 44. Rxd5 Kxd5 45. Kf3 Ke5
46. b4 b5 47. g4 fxg3 48. Kxg3 Kd4 49. Kg4 Kc4 50. Kg5 Kxb4 51. h4 Ka3 52. h5
Kxa2 53. Kh6 b4 54. Kxh7 b3 55. Kg8 0-1

[Event "Int. Stuttgarter Stadtmeisterschaft B"]
[Site "Ditzingen"]
[Date "2016.05.07"]
[Round "6.31"]
[White "Hrsak, Marco"]
[Black "Kappus, Holger"]
[Result "1-0"]
[WhiteElo "1571"]
[BlackElo "1652"]
[PlyCount "112"]
[EventDate "2016.??.??"]
[WhiteTeam "SC Kirchheim/Teck"]
[BlackTeam "SC Pforzheim"]

1. e4 d6 2. d4 Nf6 3. Nc3 g6 4. f3 Bg7 5. Be3 O-O 6. Bc4 Nc6 7. a3 b6 8. Nge2
Bb7 9. Qd2 a6 10. Nf4 e5 11. dxe5 Nxe5 12. Ba2 Rc8 13. Rd1 Qe7 14. Nfd5 Nxd5
15. Nxd5 Qh4+ 16. Bf2 Qd8 17. h3 Nd7 18. c4 Re8 19. O-O Bxd5 20. cxd5 Nf6 21.
Rc1 Qd7 22. Rc6 Rb8 23. Rfc1 Rb7 24. Bc4 Ra8 25. Qd3 Nh5 26. Rc2 b5 27. Qb3
Rab8 28. Bf1 Bf6 29. Rxa6 Bd8 30. Rac6 Nf4 31. Be3 Nh5 32. Qc3 Ng7 33. a4 bxa4
34. Bc4 Ne8 35. Bd4 f5 36. e5 Kf8 37. e6 Qe7 38. Ba7 Kg8 39. Bxb8 Rxb8 40. Qa3
Qf6 41. Ra6 Qd4+ 42. Kh2 Bg5 43. Rxa4 Qe5+ 44. g3 f4 45. g4 Bh4 46. Re2 Qd4 47.
Bd3 Qxd5 48. Rxf4 Rb3 49. Bc4 Rxa3 50. Bxd5 Ra5 51. Bc6 Bg5 52. Rf7 Ng7 53.
Rxc7 h6 54. Rxg7+ Kxg7 55. e7 Re5 56. Rxe5 dxe5 1-0

[Event "Int. Stuttgarter Stadtmeisterschaft B"]
[Site "Ditzingen"]
[Date "2016.05.07"]
[Round "6.32"]
[White "Uhlarz, Jörg"]
[Black "Behm, Wilfried"]
[Result "1-0"]
[WhiteElo "1592"]
[BlackElo "1828"]
[PlyCount "53"]
[EventDate "2016.??.??"]
[WhiteTeam "SC Mühlacker"]
[BlackTeam "SV Stuttgart-Wolfbusch"]

1. d4 d5 2. c4 Nf6 3. Nc3 e6 4. Nf3 Bb4 5. Qc2 Nbd7 6. Bg5 c6 7. cxd5 cxd5 8.
Bd2 O-O 9. e3 a6 10. Bd3 h6 11. O-O Bd6 12. Rac1 Nb6 13. Ne2 Bd7 14. Ba5 Rc8
15. Qb1 Bc6 16. Ne5 Bxe5 17. dxe5 Nfd7 18. f4 Qc7 19. Nd4 Qb8 20. Bb4 Rfe8 21.
b3 Qa7 22. Rf3 a5 23. Bd6 a4 24. f5 exf5 25. Nxf5 Nxe5 26. Rg3 Ng6 27. Nxh6+
1-0

[Event "Int. Stuttgarter Stadtmeisterschaft B"]
[Site "Ditzingen"]
[Date "2016.05.07"]
[Round "6.33"]
[White "Rühl, Volker"]
[Black "Matic, Marijo"]
[Result "1-0"]
[WhiteElo "1830"]
[BlackElo "1567"]
[PlyCount "99"]
[EventDate "2016.??.??"]
[WhiteTeam "VfL Sindelfingen"]
[BlackTeam "SC Ostfildern"]

1. e4 e5 2. Nf3 Nf6 3. Nxe5 d6 4. Nf3 Nxe4 5. d3 Nf6 6. d4 Be7 7. h3 O-O 8. Bd3
c5 9. O-O b6 10. d5 g6 11. c4 Re8 12. Nc3 Nbd7 13. Bf4 Nh5 14. Bh2 Ndf6 15. Qd2
Bf8 16. Rae1 a6 17. Rxe8 Nxe8 18. a4 Nhf6 19. Re1 Ra7 20. Bf4 Re7 21. Bg5 Rxe1+
22. Nxe1 Bg7 23. Qf4 Qc7 24. Nf3 Nh5 25. Qe3 Kf8 26. Bc2 Nhf6 27. Nd2 Qe7 28.
Qxe7+ Kxe7 29. Nd1 h6 30. Bf4 Nh5 31. Bh2 a5 32. b3 Nhf6 33. Kf1 Nc7 34. Ke2
Nfe8 35. Ne3 Na6 36. f4 f5 37. g4 Kf6 38. Nf3 g5 39. Bxf5 Bxf5 40. Nxf5 Bf8 41.
fxg5+ hxg5 42. Nd2 Nb4 43. Ne4+ Kg6 44. Kd2 Nf6 45. Nxf6 Kxf6 46. Nxd6 Be7 47.
Ne4+ Kf7 48. Bc7 Ke8 49. Bxb6 Na6 50. Bxa5 1-0

[Event "Int. Stuttgarter Stadtmeisterschaft B"]
[Site "Ditzingen"]
[Date "2016.05.07"]
[Round "6.34"]
[White "Schreiber, Winfried"]
[Black "Schreiber, Stephan"]
[Result "0-1"]
[WhiteElo "1575"]
[BlackElo "1730"]
[PlyCount "138"]
[EventDate "2016.??.??"]
[BlackTeam "SC Botnang"]

1. c4 c5 2. Nc3 d6 3. Nf3 Nf6 4. g3 e6 5. Bg2 Be7 6. O-O Bd7 7. e3 Bc6 8. d4
cxd4 9. exd4 O-O 10. Re1 Qb6 11. b3 d5 12. c5 Qd8 13. Ne5 b6 14. b4 bxc5 15.
bxc5 Nfd7 16. Ng4 Nf6 17. h4 Nbd7 18. h5 Nxh5 19. Nh6+ gxh6 20. Qxh5 Bg5 21. f4
Bf6 22. Qxh6 Bxd4+ 23. Re3 Qf6 24. Qxf6 Nxf6 25. Bf3 Bxc5 26. Kg2 Bxe3 27. Bxe3
a5 28. Bd4 Nd7 29. Be2 f6 30. Bg4 f5 31. Bf3 Rab8 32. Re1 Rb2+ 33. Kh3 Rd2 34.
Rxe6 Rxd4 35. Rxc6 Rd3 36. Bxd5+ Kh8 37. Be6 Nb8 38. Rc5 Kg7 39. Rc7+ Kf6 40.
Bb3 Rd6 41. Nd5+ Kg6 42. Kh4 Rd7 43. Rc5 Ra7 44. Rb5 Kg7 45. Ne3 Kg6 46. Rb6+
Kg7 47. Rb5 a4 48. Bc2 Ra6 49. Nxf5+ Kf6 50. Ne3 Ke7 51. Rb7+ Nd7 52. Nd5+ Kd8
53. Nb4 Rh6+ 54. Kg4 Rg6+ 55. Kh3 Rh6+ 56. Kg2 Rb6 57. Be4 Rxb7 58. Bxb7 Kc7
59. Bf3 a3 60. Na6+ Kd6 61. Nb4 Rb8 62. Nd3 Rb1 63. Bg4 Nc5 64. Ne5 Rb2+ 65.
Kh3 Rxa2 66. Nc4+ Ke7 67. Ne3 Re2 68. Nd5+ Kd6 69. Nb4 Rb2 0-1

[Event "Int. Stuttgarter Stadtmeisterschaft B"]
[Site "Ditzingen"]
[Date "2016.05.07"]
[Round "6.35"]
[White "Kast, Larissa"]
[Black "Duran, Suat"]
[Result "0-1"]
[WhiteElo "1567"]
[BlackElo "1687"]
[PlyCount "154"]
[EventDate "2016.??.??"]
[WhiteTeam "SK Ettlingen"]
[BlackTeam "SV Dicker Turm Esslingen"]

1. e4 c6 2. d4 d5 3. exd5 cxd5 4. Nf3 Nf6 5. c3 e6 6. Bg5 Be7 7. Nbd2 Nc6 8.
Bb5 Bd7 9. O-O O-O 10. Qc2 Rc8 11. Rfe1 Nb4 12. Qa4 Bxb5 13. Qxb5 Nc2 14. Qxb7
Nxe1 15. Nxe1 Rc7 16. Qb3 Qd7 17. Nd3 Rfc8 18. Re1 Rb7 19. Qc2 Qb5 20. Bf4 Nd7
21. Rb1 Bf6 22. Nb3 Be7 23. Nd2 a5 24. h3 a4 25. a3 Nb8 26. Bxb8 Rcxb8 27. Kh1
Qc6 28. Ne5 Qd6 29. Nd3 Qa6 30. Kg1 f6 31. Kh1 Re8 32. f4 Qc6 33. Qd1 Bd6 34.
Nf3 Reb8 35. Nd2 Qc7 36. Qf1 Rxb2 37. Nxb2 Qxc3 38. Nxa4 Qxd2 39. Rxb8+ Bxb8
40. Qb5 Qc1+ 41. Kh2 Qxf4+ 42. Kg1 Qxd4+ 43. Kf1 Qc4+ 44. Qxc4 dxc4 45. Ke2 Bd6
46. Nb2 Bxa3 47. Nxc4 Bc5 48. Kf3 Kf7 49. Kf4 h5 50. Kg3 g5 51. Kf3 e5 52. Ke4
Ke6 53. Nd2 f5+ 54. Kf3 g4+ 55. hxg4 hxg4+ 56. Ke2 Kd5 57. Kd3 e4+ 58. Ke2 f4
59. Kf1 Bb4 60. Nb3 Kc4 61. Nc1 Bd2 62. Ne2 Kd3 63. Kf2 g3+ 64. Kf1 Ke3 65. Ng1
Kd3 66. Ne2 Be3 67. Ke1 Bf2+ 68. Kf1 f3 69. Nf4+ Kd2 70. gxf3 exf3 71. Nd3 g2+
72. Kxf2 Kxd3 73. Kg1 Ke2 74. Kh2 Kf2 75. Kh3 g1=Q 76. Kh4 Qg6 77. Kh3 Qg3# 0-1

[Event "Int. Stuttgarter Stadtmeisterschaft B"]
[Site "Ditzingen"]
[Date "2016.05.07"]
[Round "6.36"]
[White "Khadempour, Parviz"]
[Black "Jünk, Stefan"]
[Result "0-1"]
[WhiteElo "1558"]
[BlackElo "1673"]
[PlyCount "104"]
[EventDate "2016.??.??"]
[WhiteTeam "SV Reutlingen"]
[BlackTeam "SC Leinzell"]

1. e3 d5 2. d4 Nf6 3. c4 c6 4. Nc3 e6 5. a3 Be7 6. Nf3 Nbd7 7. Bd3 Qc7 8. h3
O-O 9. c5 e5 10. Be2 e4 11. Nh2 Ne8 12. b4 f5 13. b5 Bg5 14. Bd2 Rf6 15. g3 Rh6
16. Bf1 Ndf6 17. bxc6 bxc6 18. Bg2 Ba6 19. h4 Bxh4 20. gxh4 Rxh4 21. Nf1 Rxh1
22. Bxh1 Bxf1 23. Kxf1 Qh2 24. Bg2 h5 25. Ne2 g5 26. Ng1 g4 27. Qa4 Qc7 28. Ne2
Ng7 29. Nf4 Kf7 30. Rb1 Ne6 31. Qa6 Rb8 32. Rb4 Nxf4 33. exf4 Rxb4 34. axb4 h4
35. b5 Nd7 36. bxc6 Nb8 37. Qb7 Qxb7 38. cxb7 h3 39. Bh1 Ke7 40. Ke1 Kd7 41.
Kd1 Kc6 42. Kc2 Kxb7 43. Kb3 Nc6 44. Be3 Na5+ 45. Kc3 Nc4 46. Bc1 Kc6 47. Kb3
e3 48. fxe3 g3 49. e4 fxe4 50. f5 g2 51. Bxg2 hxg2 52. f6 g1=Q 0-1

[Event "Int. Stuttgarter Stadtmeisterschaft B"]
[Site "Ditzingen"]
[Date "2016.05.07"]
[Round "6.37"]
[White "Butenandt, Svenja"]
[Black "Kobald, Jacqueline"]
[Result "0-1"]
[WhiteElo "1451"]
[BlackElo "1559"]
[PlyCount "64"]
[EventDate "2016.??.??"]
[WhiteTeam "TV Tegernsee"]
[BlackTeam "SV Stuttgart-Wolfbusch"]

1. e4 c5 2. Nf3 Nc6 3. d4 cxd4 4. Nxd4 g6 5. Be3 Bg7 6. Nc3 Nf6 7. f3 O-O 8. g4
Qb6 9. Rb1 Qd8 10. Qd2 d5 11. g5 Nh5 12. exd5 Ne5 13. Be2 Bh3 14. f4 Ng4 15.
Bxg4 Bxg4 16. h3 Bd7 17. Nde2 Qc8 18. h4 Rd8 19. Qc1 b5 20. a3 a5 21. Bb6 Re8
22. Kf2 Qb7 23. Bc5 b4 24. axb4 axb4 25. Ne4 Bf5 26. N4g3 Nxg3 27. Nxg3 Qxd5
28. Be3 Bg4 29. Qd2 Qf3+ 30. Ke1 Qxg3+ 31. Bf2 Qf3 32. Rg1 Bxb2 0-1

[Event "Int. Stuttgarter Stadtmeisterschaft B"]
[Site "Ditzingen"]
[Date "2016.05.07"]
[Round "6.38"]
[White "Krivoborodov, Vasily"]
[Black "Sprenger, Klaus"]
[Result "1-0"]
[WhiteElo "1629"]
[BlackElo "1419"]
[PlyCount "39"]
[EventDate "2016.??.??"]
[BlackTeam "TSF Ditzingen"]

1. e4 c5 2. Nf3 d6 3. d4 cxd4 4. Nxd4 Nf6 5. Nc3 Nc6 6. Bg5 Ng4 7. h3 Nxd4 8.
Qxd4 Ne5 9. f4 Ng6 10. f5 Ne5 11. O-O-O a6 12. Nd5 Nc6 13. Qb6 Qxb6 14. Nxb6
Rb8 15. Nd5 f6 16. Be3 e6 17. fxe6 Kd8 18. Bb6+ Ke8 19. Bc7 Ra8 20. Nb6 1-0

[Event "Int. Stuttgarter Stadtmeisterschaft B"]
[Site "Ditzingen"]
[Date "2016.05.07"]
[Round "6.39"]
[White "Zou, Kuangda Konrad"]
[Black "Dallinger, Moritz"]
[Result "1-0"]
[WhiteElo "1432"]
[BlackElo "1570"]
[PlyCount "107"]
[EventDate "2016.??.??"]
[WhiteTeam "SGem Vaihingen-Rohr"]
[BlackTeam "SV Stuttgart-Wolfbusch"]

1. e4 c5 2. Nf3 a6 3. c3 Nf6 4. e5 Nd5 5. d4 cxd4 6. cxd4 e6 7. Nc3 Nb6 8. Bd3
d6 9. O-O Nc6 10. a3 dxe5 11. dxe5 Qc7 12. Re1 g6 13. Bf4 Bg7 14. Qd2 Nd7 15.
Qe2 O-O 16. Bg3 b6 17. Rac1 Bb7 18. Nb1 Qb8 19. Nbd2 Ne7 20. Nc4 b5 21. Nd6
Bxf3 22. gxf3 Nc8 23. Red1 Nxd6 24. exd6 Rc8 25. Rc7 Ra7 26. Be4 Ne5 27. f4 Nc4
28. Rxa7 Qxa7 29. b3 Nxa3 30. d7 Rd8 31. Bc6 Qc7 32. Bh4 Kf8 33. Bxd8 Qxd8 34.
Qd2 Bf6 35. Qd6+ Be7 36. Qe5 Bf6 37. Qd6+ Be7 38. Qe5 Bb4 39. Qh8+ Ke7 40. Qxh7
Bc3 41. Qh3 b4 42. Qd3 Nb5 43. Bxb5 axb5 44. Qxb5 f6 45. Qc5+ Kf7 46. Qc8 Ke7
47. Rd6 Qxc8 48. dxc8=Q Kxd6 49. Qg8 e5 50. fxe5+ fxe5 51. Qxg6+ Kd5 52. h4 Kd4
53. h5 e4 54. Qd6# 1-0

[Event "Int. Stuttgarter Stadtmeisterschaft B"]
[Site "Ditzingen"]
[Date "2016.05.07"]
[Round "6.40"]
[White "Gläser, Hartmut"]
[Black "Petitto, Francesco"]
[Result "1/2-1/2"]
[WhiteElo "1741"]
[BlackElo "1595"]
[PlyCount "68"]
[EventDate "2016.??.??"]
[WhiteTeam "PTSV Halle"]
[BlackTeam "SK Sontheim/Brenz"]

1. f4 g6 2. Nf3 Bg7 3. c4 Nc6 4. e3 e5 5. fxe5 Nxe5 6. d4 Nxf3+ 7. Qxf3 c5 8.
d5 d6 9. Nd2 Nf6 10. Bd3 O-O 11. O-O Ng4 12. Nb3 Be5 13. g3 Nxh2 14. Kxh2 Qh4+
15. Kg2 Qh3+ 16. Kf2 Qh2+ 17. Ke1 Bxg3+ 18. Kd1 h5 19. Rh1 Bg4 20. Rxh2 Bxf3+
21. Re2 Rae8 22. e4 f5 23. Nd2 Bxe2+ 24. Kxe2 fxe4 25. Bxe4 h4 26. Kd3 h3 27.
Nf3 h2 28. Bd2 Rxf3+ 29. Bxf3 Kg7 30. Rf1 Rh8 31. Ke3 Rf8 32. Ke2 Re8+ 33. Kd1
Kh7 34. Bc3 Kg8 1/2-1/2

[Event "Int. Stuttgarter Stadtmeisterschaft B"]
[Site "Ditzingen"]
[Date "2016.05.07"]
[Round "6.41"]
[White "Schmitz, Harald"]
[Black "Krebs, Thomas"]
[Result "1-0"]
[WhiteElo "1691"]
[BlackElo "1508"]
[PlyCount "117"]
[EventDate "2016.??.??"]
[WhiteTeam "SC Aidlingen"]
[BlackTeam "SK Gerlingen"]

1. e4 d5 2. exd5 Nf6 3. Nc3 Nxd5 4. Nxd5 Qxd5 5. d4 Nc6 6. Nf3 Bg4 7. Be2 e6 8.
Be3 Be7 9. O-O Bf6 10. c3 O-O 11. h3 Bf5 12. Nh2 Ne7 13. Bf3 Be4 14. Re1 Bxf3
15. Nxf3 Ng6 16. Qd2 Rfe8 17. Bg5 Bxg5 18. Qxg5 Qxg5 19. Nxg5 h6 20. Nf3 f6 21.
Re3 Kf7 22. Rae1 c6 23. Nd2 Rad8 24. Ne4 b6 25. g3 e5 26. Nd2 exd4 27. Rxe8
Rxe8 28. Rxe8 Kxe8 29. cxd4 Kd7 30. f3 Ke6 31. Kf2 Kd5 32. Ke3 Nf8 33. f4 Ne6
34. Nb3 f5 35. g4 g6 36. a4 a5 37. Nc1 Nxd4 38. Nd3 fxg4 39. hxg4 h5 40. f5
gxf5 41. gxh5 Ne6 42. h6 Nf8 43. Kf4 b5 44. axb5 cxb5 45. Kxf5 Kc4 46. Ne5+ Kb3
47. Nd7 Nxd7 48. h7 Kxb2 49. h8=Q+ Kb3 50. Qe8 b4 51. Qxd7 a4 52. Qd3+ Kb2 53.
Qd4+ Kb3 54. Ke4 a3 55. Kd3 a2 56. Qa1 Ka3 57. Kc2 b3+ 58. Kc1 Kb4 59. Kb2 1-0